| 000 | 00919nam a2200253 a 4500 | ||
|---|---|---|---|
| 001 | BRCA_6431 | ||
| 005 | 20190320205441.0 | ||
| 008 | 210911s1929----gw-#######---#000-0#eng-# | ||
| 041 | _aeng | ||
| 044 | _agw | ||
| 050 | 4 |
_aPZ3 _b.B75 4 1929 |
|
| 100 | 1 |
_aGalsworthy, John _d1867-1933 _916063 |
|
| 245 | 1 | 0 |
_aSwan song _cby John Galsworthy. |
| 260 |
_aLeipzig _bBernhard Tauchnitz _c1929 |
||
| 300 |
_a327 p. _c17 cm. |
||
| 440 | 0 |
_aCollection of British authors. Tauchnitz edition _vv. 4890 _916064 |
|
| 500 | _aContiene al final: lista completa de la Colección de Autores Británicos y Estadounidenses, 31 p. | ||
| 500 | _aEn la cubierta: Collection of British and American authors | ||
| 500 | _aVer también CEF6, H144, L2, L15, L17, L18, L19, L20, L22, L23, L24, L25, L26, L27, L32, L166, N9, N11, N12, N13 y N17 | ||
| 500 | _aL16 | ||
| 650 | 1 | 4 |
_aLiteratura inglesa _916065 |
| 902 | _aGFM | ||
| 942 |
_2lcc _cB |
||
| 999 |
_c6115 _d6115 |
||